[Event "Pyrgos rapid op 11th"]
[Site "Pyrgos"]
[Date "2022.08.21"]
[Round "1"]
[White "Diamanteas, Petros"]
[Black "Souretis, Athanasios"]
[Result "1-0"]
[WhiteElo "1755"]
[BlackElo "1207"]
[PlyCount "107"]
[EventDate "2022.08.21"]
[EventType "swiss (rapid)"]
[EventRounds "7"]
[EventCountry "GRE"]
[SourceTitle "EXT 2024"]
[Source "ChessBase"]
[SourceDate "2023.10.10"]
[SourceVersion "1"]
[SourceVersionDate "2023.10.10"]
[SourceQuality "1"]

1. c4 c6 2. g3 Nf6 3. Bg2 e6 4. Nf3 d5 5. cxd5 exd5 6. 0-0 Bd6 7. d3 0-0 8. a3 a5 9. Nbd2 Bg4 10. h3 Bd7 11. Re1 Re8 12. b3 Na6 13. Bb2 Qc7 14. Bxf6 gxf6 15. Kh2 Nc5 16. d4 Ne4 17. Nxe4 dxe4 18. Nh4 f5 19. e3 Be7 20. Qh5 Bxh4 21. Qxh4 Qd8 22. Qxd8 Raxd8 23. b4 axb4 24. axb4 Ra8 25. Bf1 Be6 26. Rec1 Kf8 27. b5 Bd5 28. h4 Ke7 29. bxc6 bxc6 30. Rcb1 Rxa1 31. Rxa1 Rd8 32. Ra7+ Rd7 33. Rxd7+ Kxd7 34. Bh3 Be6 35. Kg2 Kd6 36. Kf1 Kd5 37. Ke2 c5 38. dxc5 Kxc5 39. Kd2 Kb4 40. Bf1 Bd7 41. Ba6 Be6 42. Bb7 Bd7 43. f3 exf3 44. Bxf3 Be6 45. Bc6 Kc5 46. Bf3 Kb4 47. Kd3 Kc5 48. Kc3 Bd5 49. Bxd5 Kxd5 50. Kd3 Ke5 51. Ke2 Ke4 52. Kf2 h5 53. Ke2 f6 54. Kf2 1-0

[Event "GRE-ch U16"]
[Site "Rio Achaia"]
[Date "2018.07.07"]
[Round "7"]
[White "Souretis, Athanasios"]
[Black "Zgouletas, Ioannis"]
[Result "0-1"]
[WhiteElo "1222"]
[BlackElo "1554"]
[PlyCount "78"]
[EventDate "2018.07.03"]
[EventType "swiss"]
[EventRounds "9"]
[EventCountry "GRE"]
[SourceTitle "EXT 2019"]
[Source "ChessBase"]
[SourceDate "2018.10.10"]
[SourceVersion "1"]
[SourceVersionDate "2018.10.10"]
[SourceQuality "1"]

1. e4 e5 2. Nf3 Nc6 3. Nc3 Nf6 4. d4 exd4 5. Nxd4 Bb4 6. Nxc6 bxc6 7. Bd3 0-0 8. 0-0 d5 9. exd5 cxd5 10. Qf3 Be6 11. a3 Bd6 12. Bf4 Bg4 13. Qg3 Nh5 14. Qxg4 Nxf4 15. g3 Nxd3 16. cxd3 Rb8 17. b4 c6 18. Na4 Re8 19. Rfe1 Qf6 20. d4 Re7 21. Rxe7 Bxe7 22. Re1 g6 23. Qd7 Bf8 24. Qxa7 Rd8 25. Qc7 h5 26. Qe5 Qxe5 27. Rxe5 Ra8 28. Nc5 Rxa3 29. Re3 Ra1+ 30. Kg2 Rb1 31. Rb3 Rxb3 32. Nxb3 Bxb4 33. Kf3 Kg7 34. h4 Kf6 35. Kf4 Ke6 36. Kg5 Be1 37. Nc5+ Ke7 38. Nd3 Bc3 39. Ne5 f6+ 0-1

[Event "GRE-ch U16"]
[Site "Rio Achaia"]
[Date "2018.07.04"]
[Round "3"]
[White "Michalis, Christos Panagiotis"]
[Black "Souretis, Athanasios"]
[Result "1/2-1/2"]
[WhiteElo "1541"]
[BlackElo "1222"]
[PlyCount "119"]
[EventDate "2018.07.03"]
[EventType "swiss"]
[EventRounds "9"]
[EventCountry "GRE"]
[SourceTitle "EXT 2019"]
[Source "ChessBase"]
[SourceDate "2018.10.10"]
[SourceVersion "1"]
[SourceVersionDate "2018.10.10"]
[SourceQuality "1"]

1. d4 d5 2. c4 c6 3. cxd5 cxd5 4. Bg5 g6 5. e3 Bg7 6. Nc3 Nf6 7. Qb3 e6 8. Bd3 0-0 9. Nge2 h6 10. Bh4 Nbd7 11. 0-0 Qb6 12. Qc2 Ne8 13. Be7 Nd6 14. Bxf8 Bxf8 15. Ng3 Nf6 16. b3 Bd7 17. Qe2 Rc8 18. Rac1 Qa5 19. Nb1 Rxc1 20. Rxc1 Nb5 21. h4 h5 22. a4 Nc7 23. Qc2 Na6 24. Qd2 Nb4 25. e4 Qb6 26. e5 Ng4 27. Be2 Bh6 28. f4 Nxe5 29. a5 Qxa5 30. dxe5 Qb6+ 31. Kh2 Nc6 32. Rf1 Nxe5 33. Qb2 Ng4+ 34. Bxg4 hxg4 35. Qf6 Bb5 36. Rc1 Bc6 37. h5 Qe3 38. Rc3 Qxf4 39. Qxf4 Bxf4 40. hxg6 d4 41. gxf7+ Kxf7 42. Rd3 e5 43. Nd2 Ke6 44. Kh1 Kd5 45. Ne2 Bxd2 46. Rxd2 Ke4 47. Kg1 Ke3 48. Ra2 a6 49. Kf1 Bb5 50. Ke1 e4 51. Rd2 d3 52. Nc3 Bc6 53. Nd1+ Kd4 54. Kf2 g3+ 55. Ke1 e3 56. Ra2 d2+ 57. Ke2 Bb5+ 58. Kf3 Bc6+ 59. Ke2 Bb5+ 60. Kf3 1/2-1/2

[Event "GRE-ch U16"]
[Site "Rio Achaia"]
[Date "2018.07.03"]
[Round "1"]
[White "Makris, Spyridon Dionysios"]
[Black "Souretis, Athanasios"]
[Result "1-0"]
[WhiteElo "1799"]
[BlackElo "1222"]
[PlyCount "65"]
[EventDate "2018.07.03"]
[EventType "swiss"]
[EventRounds "9"]
[EventCountry "GRE"]
[SourceTitle "EXT 2019"]
[Source "ChessBase"]
[SourceDate "2018.10.10"]
[SourceVersion "1"]
[SourceVersionDate "2018.10.10"]
[SourceQuality "1"]

1. d4 d5 2. c4 c6 3. Nf3 Nf6 4. Qc2 e6 5. g3 Nbd7 6. Bg2 Be7 7. 0-0 0-0 8. Nbd2 b6 9. e4 dxe4 10. Nxe4 Bb7 11. Rd1 Nxe4 12. Qxe4 Nf6 13. Qc2 Qc7 14. Bf4 Bd6 15. Bxd6 Qxd6 16. Ne5 Qc7 17. b4 Nd7 18. Nxd7 Qxd7 19. Rab1 Rac8 20. a4 a6 21. Ra1 Qe7 22. Qb2 b5 23. c5 Qf6 24. axb5 axb5 25. Ra7 Qe7 26. Qa1 Qd7 27. Rd2 Ra8 28. Rda2 Rxa7 29. Rxa7 Qc8 30. Qa5 Qb8 31. Qb6 Ba8 32. Qc7 Rd8 33. Qxf7+ 1-0